Camino de imperf(i)cción. / (Registro nro. 53724)
[ vista simple ]
| 000 -CABECERA | |
|---|---|
| campo de control de longitud fija | 00652nam a2200217 i 4500 |
| 003 - IDENTIFICADOR DEL NÚMERO DE CONTROL | |
| campo de control | DO-SdBNP |
| 005 - FECHA Y HORA DE LA ÚLTIMA TRANSACCIÓN | |
| campo de control | 20230605155323.0 |
| 006 - CÓDIGOS DE INFORMACIÓN DE LONGITUD FIJA--CARACTERÍSTICAS DEL MATERIAL ADICIONAL | |
| campo de control de longitud fija | a||||er|||| 00| 0 |
| 007 - CAMPO FIJO DE DESCRIPCIÓN FÍSICA--INFORMACIÓN GENERAL | |
| campo de control de longitud fija | ta |
| 008 - DATOS DE LONGITUD FIJA--INFORMACIÓN GENERAL | |
| campo de control de longitud fija | 230605e2022 pr |||| |||| 00| jdspa d |
| 020 ## - NÚMERO INTERNACIONAL ESTÁNDAR DEL LIBRO | |
| Número Internacional Estándar del Libro | 99789945608960 |
| 040 ## - FUENTE DE LA CATALOGACIÓN | |
| Centro catalogador/agencia de origen | DO-SdBNP |
| Lengua de catalogación | spa |
| Centro/agencia transcriptor | BNPHU |
| Normas de descripción | rda |
| 082 #4 - NÚMERO DE LA CLASIFICACIÓN DECIMAL DEWEY | |
| Número de edición | 22 |
| Número de documento/Ítem | S162c |
| 245 10 - MENCIÓN DE TÍTULO | |
| Título | Camino de imperf(i)cción. / |
| Mención de responsabilidad, etc. | Luis Saldaña |
| 264 ## - PRODUCCIÓN, PUBLICACIÓN, DISTRIBUCIÓN, FABRICACIÓN Y COPYRIGHT | |
| Producción, publicación, distribución, fabricación y copyright | San Juan Puerto Rico : |
| Nombre del de productor, editor, distribuidor, fabricante | Isla Negra, |
| Fecha de producción, publicación, distribución, fabricación o copyright | ©2022 |
| 300 ## - DESCRIPCIÓN FÍSICA | |
| Extensión | 95 páginas ; |
| Dimensiones | 21 cm. |
| 490 ## - MENCIÓN DE SERIE | |
| Mención de serie | El Rostro y la Máscara |
| 500 ## - NOTA GENERAL | |
| Nota general | Incluye datos biográficos del autor en las solapas de las cubiertas |
| 590 ## - NOTA LOCAL (RLIN) | |
| Nota local | Inventariado 2023 / MF |
| 942 ## - ELEMENTOS DE PUNTO DE ACCESO ADICIONAL (KOHA) | |
| Fuente del sistema de clasificación o colocación | Dewey Decimal Classification |
| Tipo de ítem Koha | Libro |
| Estado de retiro | Estado de pérdida | Fuente del sistema de clasificación o colocación | Restricciones de uso | No para préstamo | Código de colección | Localización permanente | Ubicación/localización actual | Ubicación en estantería | Fecha de adquisición | Fuente de adquisición | Signatura topográfica completa | Código de barras | Fecha visto por última vez | Precio válido a partir de | Tipo de ítem Koha | Número de copia | Total de préstamos |
|---|---|---|---|---|---|---|---|---|---|---|---|---|---|---|---|---|---|
| Dewey Decimal Classification | Préstamo en sala | General | Biblioteca Nacional Pedro Henríquez Ureña | Biblioteca Nacional Pedro Henríquez Ureña | En catalogación | 07.10.2022 | Depósito legal / Editora Búho | S162c | 2023-2226 | 05.06.2023 | 05.06.2023 | Libro | |||||
| Dewey Decimal Classification | Préstamo en sala | General | Biblioteca Nacional Pedro Henríquez Ureña | Biblioteca Nacional Pedro Henríquez Ureña | En catalogación | 07.10.2022 | Depósito legal / Editora Búho | S162c | 2023-2227 | 05.06.2023 | 05.06.2023 | Libro | e.2 | ||||
| Dewey Decimal Classification | Préstamo en sala | General | Biblioteca Nacional Pedro Henríquez Ureña | Biblioteca Nacional Pedro Henríquez Ureña | En catalogación | 07.10.2022 | Depósito legal / Editora Búho | S162c | 2023-2228 | 05.06.2023 | 05.06.2023 | Libro | e.3 |
